000 00318 a2200133 4500
000 nam a22 7a 4500
100 _aA.K.Soni
110 _aA.K.Soni
245 _aEffective business communication skills
250 _alatest edition
260 _bShree Niwas
_c2026
264 _bShree Niwas
_c2026
942 _cBK
999 _c397008
_d397008